Pragmatics

Spremljeno u:
Bibliografski detalji
Glavni autor: Yule, George (Autor)
Format: Knjiga
Jezik:engleski
Izdano: Oxford Oxford University Press 1996
Serija:Oxford Introductions to Language Study Series
Teme:
Oznake: Dodaj oznaku
Bez oznaka, Budi prvi tko označuje ovaj zapis!

MARC

LEADER 00000nam a2200000 a 4500
001 UCP6063
003 CL-VaPUC
008 991008e19960000UK |||||||||||||||||eng|d
082 0 4 |a 428.8  |b YUL  |2 21 
100 0 |a Yule, George  |e author  |9 434877 
245 1 0 |a Pragmatics 
300 |a 138 p 
942 |c BK 
945 |d 19991008 00:00:00  |a rbrito 
260 |a Oxford  |b Oxford University Press  |c 1996 
650 0 |a Enseñanza del inglés  |9 367340 
650 0 |a Enseñanza de idiomas  |9 339820 
650 0 |a Inglés  |9 260023 
650 0 |a Comprensión   |9 339377 
583 |a last modification  |c 19991008 00:00:00  |k Rodrigo Vera 
490 0 |a Oxford Introductions to Language Study Series 
999 |c 283687  |d 283685 
952 |0 0  |1 0  |4 0  |6 428_800000000000000_YUL_1996  |7 0  |8 A  |9 327082  |a BIBEDU  |b BIBEDU  |d 2019-11-20  |i 3569012  |o 428.8 YUL 1996  |p 3569012  |r 2019-11-20  |w 2019-11-20  |y BK  |k CIT 
952 |0 0  |1 0  |4 0  |6 428_800000000000000_YUL_1996  |7 0  |8 A  |9 327083  |a FDOPOS  |b FDOPOS  |d 2019-11-20  |i 371926K  |o 428.8 YUL 1996  |p 371926K  |r 2025-01-22  |w 2019-11-20  |y BK  |k MLA